[Event "Asia-ch U18"]
[Site "Tagaytay City"]
[Date "2024.10.18"]
[Round "8"]
[White "Justo, James Marcus"]
[Black "Magpusao, Almwayne"]
[Result "1-0"]
[WhiteElo "1852"]
[BlackElo "1618"]
[PlyCount "151"]
[EventDate "2024.10.13"]
[EventType "swiss"]
[EventRounds "9"]
[EventCountry "PHI"]
[SourceTitle "CB43_2024"]
[Source "Chessbase"]
[SourceDate "2024.10.23"]
[SourceVersion "1"]
[SourceVersionDate "2024.10.23"]
[SourceQuality "1"]

1. d4 d5 2. Bf4 Nf6 3. e3 c5 4. c3 Nc6 5. Nd2 Qb6 6. Qb3 c4 7. Qc2 g6 8. Ngf3 Bf5 9. Qc1 Bg7 10. Be2 0-0 11. h3 a5 12. a4 Rfe8 13. Ne5 Nd7 14. Nxd7 Bxd7 15. Nf3 f6 16. Qd2 Be6 17. Nh2 Bf7 18. Ng4 g5 19. Bg3 h5 20. Nh2 h4 21. Bxh4 gxh4 22. Nf3 e5 23. dxe5 fxe5 24. Ng5 Qc7 25. Qd1 Rf8 26. Bh5 Bxh5 27. Qxh5 Rf6 28. Qh7+ Kf8 29. Qxh4 Rh6 30. Qxh6 Bxh6 31. Ne6+ Kf7 32. Nxc7 Rd8 33. Nb5 e4 34. Ke2 Ne5 35. Rad1 Nd3 36. Rd2 Ke7 37. g4 Rf8 38. Rh2 Bg5 39. Nd4 Nc1+ 40. Kd1 Nd3 41. h4 Bf6 42. Ne2 Be5 43. Rg2 Nxf2+ 44. Rxf2 Rxf2 45. Rxd5 Bc7 46. Rd4 Rf1+ 47. Kd2 Bb6 48. Rxe4+ Kd6 49. Rxc4 Rf3 50. Re4 Rh3 51. h5 Rh4 52. Nd4 Rh2+ 53. Kc1 Kd5 54. Re7 Bc5 55. Rxb7 Ke4 56. Rb5 Kd3 57. Kb1 Be7 58. Rxa5 Rh4 59. Nf5 Rh1+ 60. Ka2 Bf6 61. g5 Bxg5 62. Ng3 Rh4 63. Rxg5 Kc2 64. Ra5 Rh3 65. Nf5 Kc1 66. Nd4 Rh2 67. Nb3+ Kc2 68. e4 Rh4 69. e5 Rxh5 70. e6 Rh4 71. Nd4+ Kc1 72. Re5 Rh2 73. Re2 Rh8 74. e7 Re8 75. Nf5 Kd1 76. Ng7 1-0

[Event "Asia-ch U18"]
[Site "Tagaytay City"]
[Date "2024.10.15"]
[Round "4"]
[White "Yu, Chen Yu"]
[Black "Magpusao, Almwayne"]
[Result "1-0"]
[WhiteElo "1770"]
[BlackElo "1618"]
[PlyCount "113"]
[EventDate "2024.10.13"]
[EventType "swiss"]
[EventRounds "9"]
[EventCountry "PHI"]
[SourceTitle "CB43_2024"]
[Source "Chessbase"]
[SourceDate "2024.10.23"]
[SourceVersion "1"]
[SourceVersionDate "2024.10.23"]
[SourceQuality "1"]

1. Nf3 d5 2. g3 Nf6 3. Bg2 c5 4. 0-0 Nc6 5. d3 e5 6. e4 dxe4 7. dxe4 Bg4 8. Nbd2 Be7 9. Re1 0-0 10. h3 Bh5 11. c3 Qc7 12. Qc2 Rfd8 13. Nf1 Qd7 14. Nh4 Bf8 15. Bg5 h6 16. Bxf6 gxf6 17. g4 Bg6 18. Rad1 Qe6 19. b3 Rxd1 20. Rxd1 Rd8 21. Ne3 b5 22. Rxd8 Nxd8 23. Bf1 Qd7 24. Nd5 Qxd5 25. Nxg6 Qd7 26. Nxf8 Kxf8 27. Qe2 a6 28. Qe3 Ne6 29. Qxh6+ Ke7 30. Qc1 Ng5 31. Qe3 Ne6 32. Qd3 Qxd3 33. Bxd3 Kf8 34. f3 Nf4 35. Bf1 Kg7 36. Kf2 Kh6 37. h4 Kg7 38. h5 Ne6 39. Ke3 Kf8 40. a3 Ke8 41. a4 Nc7 42. f4 exf4+ 43. Kxf4 Kf8 44. Kf5 Ne8 45. e5 fxe5 46. Kxe5 bxa4 47. bxa4 Ke7 48. Bxa6 Nf6 49. Be2 Nd7+ 50. Kd5 Nb6+ 51. Kxc5 Nxa4+ 52. Kd4 Kf6 53. Bd3 Nb6 54. Bf5 Na8 55. Kc5 Nc7 56. Kc6 Na6 57. h6 1-0